Příklady z chemické a instrumentální analýzy
Guardado en:
| Autor principal: | |
|---|---|
| Formato: | Libro |
| Lenguaje: | lengua desconocida |
| Publicado: |
Praha
SNTL
1983
|
| Acceso en línea: | Ver en el OPAC |
| Etiquetas: |
Sin Etiquetas, Sea el primero en etiquetar este registro!
|
MARC
| LEADER | 00000nam a2200000 a 4500 | ||
|---|---|---|---|
| 005 | 20260127134019.0 | ||
| 008 | 961130s1983 xx 0 und c | ||
| 035 | |a vtls001268362 | ||
| 035 | |a SNK000219365 | ||
| 039 | 9 | |a 201811270838 |b AUTHORITY |c 201811261154 |d AUTHORITY |c 200905151236 |d mschk03 |c 200905151231 |d mschk03 |y 200412271118 |z VLOAD | |
| 040 | |a SNK |b slo |c SNK |e AACR2 |d STUSCHK1 | ||
| 100 | 1 | |a Vláčil, František, |d 1925-2011 |9 54 | |
| 245 | 1 | |a Příklady z chemické a instrumentální analýzy | |
| 260 | |a Praha |b SNTL |c 1983 | ||
| 300 | |a 427 s. | ||
| 910 | |a SCHK95 | ||
| 999 | |c 2116 |d 2116 | ||